000
00234 a2200097 4500
001
49561
100
_a
Stone
245
_a
Periodical essays of the 19th century
260
_a
London
_b
Oxford university press
_c
090
_c
32087
_d
32087
942
_a
NUST-CAE
_c
M
_c
24544
999
_c
284634
_d
284634